| 000 | 00881pam a2200253 a 4500 | ||
|---|---|---|---|
| 999 |
_c9900 _d9900 |
||
| 001 | 3921388 | ||
| 003 | GZU | ||
| 005 | 20210928105808.0 | ||
| 008 | 920121s1992 enka b 001 0 eng | ||
| 010 | _a 92001020 | ||
| 020 |
_a0304325058 (pbk.) : _c$30.00 |
||
| 040 |
_aDLC _cDLC _dDLC |
||
| 050 | 0 | 0 |
_aTX911.3.M27 _bMAN 1992 |
| 245 | 0 | 0 |
_aManaging projects in hospitality organizations / _cedited by Richard Teare, with Debra Adams, and Sally Messenger. |
| 260 |
_aLondon ; _aNew York : _bCassell, _c1992. |
||
| 300 |
_ax, 325 p. : _bill. ; _c25 cm. |
||
| 504 | _aIncludes bibliographical references and index. | ||
| 650 | 0 |
_aHospitality industry _xManagement. |
|
| 700 | 1 |
_aTeare, Richard. _eeditor |
|
| 700 | 1 |
_aAdams, Debra, _d1962- _eeditor |
|
| 700 | 1 |
_aMessenger, Sally. _eeditor |
|
| 906 |
_a7 _bcbc _corignew _d1 _eocip _f19 _gy-gencatlg |
||
| 942 |
_2lcc _cBK _h911.3.M27 _iMAN _kTX |
||